[Event "Harburg-chI 3rd"]
[Site "Hamburg"]
[Date "2005.06.24"]
[Round "1"]
[White "Mikat, Christian"]
[Black "Klawitter, Bernd"]
[Result "1-0"]
[WhiteElo "1458"]
[BlackElo "1435"]
[PlyCount "99"]
[EventDate "2005.06.??"]
[EventType "tourn"]
[EventRounds "5"]
[EventCountry "GER"]
[SourceTitle "EXT 2006"]
[Source "ChessBase"]
[SourceDate "2005.11.24"]
[SourceVersion "1"]
[SourceVersionDate "2005.11.24"]
[SourceQuality "1"]

1. e4 d5 2. exd5 Qxd5 3. Nc3 Qa5 4. Bc4 Nf6 5. Nf3 Bg4 6. d3 c6 7. Bd2 Qh5 8. a4 Nbd7 9. Qe2 Bxf3 10. Qxf3 Qxf3 11. gxf3 Ne5 12. Ke2 Nxc4 13. dxc4 e6 14. Ne4 Be7 15. Rhg1 g6 16. Bc3 Nxe4 17. Bxh8 Nxf2 18. Be5 0-0-0 19. Kxf2 Bc5+ 20. Ke2 Bxg1 21. Rxg1 a6 22. Rd1 Re8 23. a5 f6 24. Bxf6 Rf8 25. Be5 Rf5 26. f4 Rh5 27. Rh1 Rh3 28. Bd4 Rh5 29. b4 Rh3 30. Bf2 Rc3 31. Kd2 Rxc4 32. Rd1 Rxb4 33. Ke2 Rxf4 34. Bb6 Rf8 35. Ke3 g5 36. Ke4 g4 37. Ke5 Rf5+ 38. Kxe6 Rd5 39. Rxd5 cxd5 40. Kxd5 h5 41. Bf2 Kd7 42. Ke4 Kc6 43. Kf5 Kb5 44. Be1 b6 45. axb6 Kxb6 46. Kg5 a5 47. Kxh5 a4 48. Kxg4 Kc5 49. Bc3 a3 50. h4 1-0

[Event "Harburg-chC 1st"]
[Site "Hamburg"]
[Date "2003.06.20"]
[Round "1"]
[White "Mikat, Christian"]
[Black "Guennigmann, Laura"]
[Result "1-0"]
[WhiteElo "1381"]
[BlackElo "834"]
[PlyCount "39"]
[EventDate "2003.06.20"]
[EventType "tourn"]
[EventRounds "5"]
[EventCountry "GER"]
[SourceTitle "EXT 2005"]
[Source "ChessBase"]
[SourceDate "2004.11.15"]
[SourceVersion "1"]
[SourceVersionDate "2004.11.15"]
[SourceQuality "1"]

1. e4 c5 2. Nf3 d6 3. d4 cxd4 4. Nxd4 e6 5. Nc3 Nf6 6. Bg5 Be7 7. f4 0-0 8. Bd3 Nc6 9. Nxc6 bxc6 10. Bxf6 Bxf6 11. e5 dxe5 12. fxe5 Be7 13. Qf3 Bb7 14. 0-0-0 Qc7 15. Qe4 f5 16. exf6 Rxf6 17. Qxh7+ Kf8 18. Rhf1 c5 19. Bg6 Rxf1 20. Qh8# 1-0

[Event "Hamburg HSK DWZ op 1st"]
[Site "Hamburg"]
[Date "2002.09.29"]
[Round "4"]
[White "Samarin, Maxim"]
[Black "Mikat, Christian"]
[Result "1-0"]
[WhiteElo "1155"]
[BlackElo "1446"]
[PlyCount "69"]
[EventDate "2002.09.??"]
[EventType "swiss"]
[EventRounds "5"]
[EventCountry "GER"]
[SourceTitle "EXT 2006"]
[Source "ChessBase"]
[SourceDate "2005.11.24"]
[SourceVersion "1"]
[SourceVersionDate "2005.11.24"]
[SourceQuality "1"]

1. e4 e5 2. f4 d6 3. Nf3 Nc6 4. Bc4 Bg4 5. 0-0 Nd4 6. Be2 Nxe2+ 7. Qxe2 h5 8. h3 Bxf3 9. Rxf3 exf4 10. Rxf4 g5 11. Rf1 Bg7 12. Qb5+ Kf8 13. Qxb7 Rb8 14. Qd5 Qe7 15. d4 Nf6 16. Qxg5 Nxe4 17. Qxe7+ Kxe7 18. c3 Ng3 19. Re1+ Kd7 20. Bf4 h4 21. b3 Rbe8 22. Nd2 Re7 23. Bxg3 Rxe1+ 24. Bxe1 c5 25. dxc5 dxc5 26. Ne4 Kc6 27. Rc1 Bh6 28. Bd2 Bxd2 29. Nxd2 Rh5 30. c4 a5 31. Kf2 Kd6 32. Kf3 Ke5 33. Ne4 Kd4 34. Rd1+ Ke5 35. Rd5+ 1-0